| 000 | 00600nam a2200229Ia 4500 | ||
|---|---|---|---|
| 003 | OSt | ||
| 005 | 20240724152514.0 | ||
| 008 | 210423s2016 xx 000 0 und d | ||
| 020 | _a978-81-7446-619-8 | ||
| 040 | _cAL | ||
| 041 | _aeng | ||
| 082 |
_a331 _223 _bSINI |
||
| 100 |
_aSingh B D _984359 |
||
| 245 | _aIndustrial relations: emerging paradigms Ed 2 | ||
| 250 | _a2nd ed. | ||
| 260 |
_aDelhi _bExcel Books _c2016 |
||
| 300 |
_axvii,553 _bPB |
||
| 365 |
_b855 _cINR |
||
| 650 |
_aLabour Economics _984360 |
||
| 906 | _aemerging ; Industrial ; paradigms ; relations: | ||
| 942 |
_2ddc _cBK |
||
| 999 |
_c169303 _d169303 |
||